书目信息 |
| 题名: |
物理学史
|
|
| 作者: | 钟霄参 编著 | |
| 分册: | ||
| 出版信息: | 杭州 浙江教育出版社 1985.11 |
|
| 页数: | 290页 | |
| 开本: | 20cm | |
| 丛书名: | ||
| 单 册: | ||
| 中图分类: | O4-09 | |
| 科图分类: | ||
| 主题词: | 物理学 | |
| 电子资源: | ||
| ISBN: | ||
| 000 | 00492nam0 2200193 45 | |
| 001 | 0312221749 | |
| 005 | 20060726161505.28 | |
| 010 | @dCNY1.71 | |
| 091 | @a7346.299 | |
| 100 | @a20031222d1985 km y0chiy0120 ea | |
| 101 | @achi | |
| 200 | 1 | @a物理学史@AWu Li Xue Shi@f钟霄参编著@FZhong Xiao Can Bian Zhu |
| 210 | @a杭州@c浙江教育出版社@d1985.11 | |
| 215 | @a290页@d20cm | |
| 606 | 0 | @a物理学 |
| 690 | @aO4-09@v3 | |
| 701 | 0 | @a钟霄参@4编著 |
| 801 | @aCN@bTSTCL@c20060726 | |
| 905 | @dO4-09@e153 | |
| 物理学史/钟霄参编著.-杭州:浙江教育出版社,1985.11 |
| 290页;20cm |
| ISBN :CNY1.71 |
| ● |
| 相关链接 |
|
|
|
|
正题名:物理学史
索取号:O4-09/153
 
预约/预借
| 序号 | 登录号 | 条形码 | 馆藏地/架位号 | 状态 | 备注 |
| 1 | 0162419 | 000394442 | 第三借阅区/ [索取号:O4-09/153] | 在馆 | |
| 2 | 0162420 | 000394451 | 第三借阅区/ [索取号:O4-09/153] | 在馆 | |
| 3 | 0162421 | 000394460 | 第三借阅区/ [索取号:O4-09/153] | 在馆 | |
| 4 | 0162422 | 001940494 | 第三借阅区/ [索取号:O4-09/153] | 在馆 | |
| 5 | 0162423 | 202097514 | 第二样本阅览室/ [索取号:O4-09/153] | 在馆 | |
| 6 | 0420938 | 204209383 | 密集书库/ [索取号:O4-09/153] | 在馆 | |
| 7 | 0421429 | 204214297 | 密集书库/ [索取号:O4-09/153] | 在馆 | |
| 8 | 0433276 | 204332766 | 密集书库/ [索取号:O4-09/153] | 在馆 |